| 000 | 00402cam a2200181ua 4500 | ||
|---|---|---|---|
| 020 | _cRs. 11.00 | ||
| 041 |
_ahin _h |
||
| 082 |
_a891.54 _bUPE/GA |
||
| 100 | _aAshok , Upendranad . | ||
| 245 | _aGaram Ragh | ||
| 250 |
_a2 / _b. |
||
| 260 |
_aPrayag : _bNeelab Prakashan , _c1959. |
||
| 300 | _a553 ; . | ||
| 365 | _aRs. 11.00 | ||
| 504 | _a | ||
| 942 | _cBK | ||
| 999 |
_c11951 _d11951 |
||